Fr. Conceicao Rodrigues College of Engineering

Workshop Technology (Record no. 19358)

MARC details
000 -LEADER
fixed length control field 00275nam a2200133Ia 4500
100 ## - MAIN ENTRY--PERSONAL NAME
Personal name Chapman/ W.A.J.
245 ## - TITLE STATEMENT
Title Workshop Technology
260 ## - PUBLICATION, DISTRIBUTION, ETC.
Name of publisher, distributor, etc. Edward Arnold .
Place of publication, distribution, etc. London
Date of publication, distribution, etc. 1956
490 ## - SERIES STATEMENT
Volume/sequential designation I
546 ## - LANGUAGE NOTE
Language note ENGLISH
654 ## - SUBJECT ADDED ENTRY--FACETED TOPICAL TERMS
Focus term Workshop
942 ## - ADDED ENTRY ELEMENTS (KOHA)
Koha item type BOOK
Holdings
Withdrawn status Lost status Damaged status Not for loan Collection Home library Current library Date acquired Total Checkouts Full call number Barcode Date last seen Price effective from Koha item type
        CRC Fr. Agnel's C.Rodrigues College of Engineering Fr. Agnel's C.Rodrigues College of Engineering 17/03/2023   4984 17/03/2023 17/03/2023 BOOK
        CRC Fr. Agnel's C.Rodrigues College of Engineering Fr. Agnel's C.Rodrigues College of Engineering 17/03/2023   4985 17/03/2023 17/03/2023 BOOK